Rezidencia veľvyslanca

Saved in:
Bibliographic Details
Main Author: Humajová, Karina (Author)
Other Authors: Šíp, Lukáš (Thesis advisor)
Format: Manuscript Book
Language:Slovak
Published: Bratislava 2019
Subjects:
Online Access:http://is.stuba.sk/zp/portal_zp.pl?podrobnosti=128070
Tags: Add Tag
No Tags, Be the first to tag this record!

MARC

LEADER 00000ntm a22000003a 4500
001 stuzp73984
003 SK-STU
005 20200917101453.5
007 ta
008 150427s2015----xo-----f-mn---000-0-slo-d
040 |a STU  |b slo 
041 0 |a slo 
100 1 |a Humajová, Karina  |u 052120  |4 aut  |U FAD Fakulta architektúry  |T FA Ústav ekologickej a experimentálnej architektúry  |X 82323  |U A2120  |Y 393  |7 82323 
242 0 1 |a Residence of Ambassador  |y eng 
245 1 0 |a Rezidencia veľvyslanca 
260 |c 2019  |a Bratislava 
650 4 |a rezidencia  |2 slo 
650 4 |a veľvyslanectvo  |2 slo 
650 4 |a Bôrik  |2 slo 
650 4 |a drevostavba  |2 slo 
650 4 |a Fínsko  |2 slo 
650 4 |a terasovité záhrady  |2 slo 
650 4 |a architektúra  |2 slo 
650 4 |a residence  |2 eng 
650 4 |a embassy  |2 eng 
650 4 |a Bôrik  |2 eng 
650 4 |a wooden building  |2 eng 
650 4 |a Finland  |2 eng 
650 4 |a terraced gardens  |2 eng 
700 1 |a Šíp, Lukáš  |u 052120  |k Z1  |4 ths  |U FAD Fakulta architektúry  |T FA Ústav ekologickej a experimentálnej architektúry  |X 29145  |U A2120  |Y 393  |7 A000029145 
856 4 |u http://is.stuba.sk/zp/portal_zp.pl?podrobnosti=128070  |u https://opac.crzp.sk/?fn=detailBiblioForm&sid=819BE1355532A4D3171060AB1E91